000 01073nam a2200313 i 4500
003 DO-SdBNP
005 20240425134419.0
006 a||||fr|||| 00| 0
007 ta
008 240425e1999 dr ||||| l||| 00| 0 spa d
040 _aDO-SdBNP
_bspa
_cBNPHU
_erda
082 4 _222
_bM552c
100 _aMera, Luis
_910502
110 _aRepública Dominicana.
_bSecretaria de Estado de Educación y Cultura
_9447
245 1 0 _aCiencias de la naturaleza :
_bséptimo grado, educacion basica tercer ciclo /
_cLuis Mera, Carlos Suriel ; ilustración Ramiro Manzano
264 _aSanto Domingo :
_bSecretaria de Estado de Educación y Cultura,
_c1999
300 _a212 páginas :
_bilustraciones ;
_c28 cm.
336 _2rdaconten
_atexto
_btxt
337 _2rdamedia
_asin mediación
_bn
338 _2rdacarrier
_avolumen
_bnc
490 _aPlan Decenal de Educación
590 _aInventariado 2024 / DG
650 _981711
651 _954814
700 1 _aSuriel, Carlos
_eautor
_957735
700 1 _aManzano, Ramiro
_eilustrador
_9768
910 _aDG
942 _2ddc
_cLBS1
999 _c56514
_d56514